わが国海外投資の現状:海外市場白書・1973

محفوظ في:
التفاصيل البيبلوغرافية
مؤلف مشترك: 日本貿易振興会
التنسيق: كتاب
اللغة:Undetermined
منشور في: 東京 日本貿易振興会 1973
الموضوعات:
الوسوم: إضافة وسم
لا توجد وسوم, كن أول من يضع وسما على هذه التسجيلة!
Thư viện lưu trữ: Trung tâm Học liệu Trường Đại học Cần Thơ
LEADER 00549nam a2200193Ia 4500
001 CTU_84011
008 210402s9999 xx 000 0 und d
082 |a 382 
082 |b N691 
110 |a 日本貿易振興会 
245 0 |a わが国海外投資の現状:海外市場白書・1973 
245 0 |c 日本貿易振興会 
260 |a 東京 
260 |b 日本貿易振興会 
260 |c 1973 
650 |a Investment 
904 |i QHieu (sửa) 
910 |i Ngoc 
980 |a Trung tâm Học liệu Trường Đại học Cần Thơ